000 00562nam a22001937a 4500
003 KOHA_MİRAKIL
005 20251104160307.0
008 251104b tu ||||| |||| 00| 0 tur d
020 _a9789758717576
040 _aTR-AnABB
_btur
_cTR-AnABB
041 _atur
082 _a928
_bGOE 2011
100 _aGoethe, Johann Wolfgang von,
_d1749-1832
245 1 0 _aGoethe Der ki /
_cJohann Wolgang von Goethe
260 _aAnkara :
_bDoğu Batı Yayınları,
_c2011
300 _a485 sayfa ;
_c21 cm
650 0 4 _aAlman edebiyatı, roman
942 _2ddc
_cBK
999 _c9268
_d9268
900 _bGizem YORULMAZ